[Event "Vienna Ladies 2012"]
[Site "Vienna AUT"]
[Date "2012.05.10"]
[Round "6.5"]
[White "Osmanodja,F"]
[Black "Kochetkova,J"]
[Result "0-1"]
[WhiteElo "2160"]
[BlackElo "2282"]

1.e4 c5 2.Nf3 e6 3.d4 cxd4 4.Nxd4 Nc6 5.Nc3 Qc7 6.Be2 a6 7.O-O Nf6 8.Be3 b5
9.a3 Bb7 10.Kh1 Ne5 11.f4 Nc4 12.Bxc4 Qxc4 13.Qd3 Rc8 14.Bg1 Be7 15.Rf3 O-O
16.Rh3 b4 17.axb4 Bxb4 18.e5 Qxd3 19.cxd3 Nd5 20.Nxd5 Bxd5 21.Be3 Bc5 22.Rxa6 Bxd4
23.Bxd4 Rc1+ 24.Bg1 Rb8 25.Rg3 Rxb2 26.h4 Rbb1 27.Kh2 Rxg1 28.Rh3 Rxg2+  0-1

[Event "47th Capablanca Mem Elite"]
[Site "Havana CUB"]
[Date "2012.05.11"]
[Round "7"]
[White "Quesada Perez,Yu"]
[Black "Laznicka,V"]
[Result "1-0"]
[WhiteElo "2625"]
[BlackElo "2693"]

1.e4 c5 2.Nf3 e6 3.d4 cxd4 4.Nxd4 Nc6 5.Nc3 Qc7 6.Be3 a6 7.Qd2 Nf6 8.O-O-O Be7
9.f3 O-O 10.g4 b5 11.g5 Nh5 12.Kb1 Ne5 13.f4 Ng4 14.e5 b4 15.Ne4 Bb7 16.Bg2 d6
17.Nf6+ Bxf6 18.Bxb7 Qxb7 19.exf6 g6 20.Qe2 Nxe3 21.Qxe3 Rfc8 22.Rhe1 a5
23.Ne2 d5 24.Rd4 a4 25.b3 h6 26.Qd2 hxg5 27.fxg5 Qc7 28.Ng3 Qc3 29.Qxc3 bxc3
30.Ne2 Ra5 31.Nc1 Kf8 32.Nd3 Ke8 33.Ne5 axb3 34.cxb3 c2+ 35.Kb2 Rac5 36.Rc1 Rc3
37.Nc4  1-0

[Event "30th Liechtenstein Open 2012"]
[Site "Triesen LIE"]
[Date "2012.05.11"]
[Round "1.9"]
[White "Paehtz,T sr"]
[Black "Bergen,K"]
[Result "1-0"]
[WhiteElo "2438"]
[BlackElo "1938"]

1.e4 c5 2.Nf3 e6 3.d4 cxd4 4.Nxd4 Nc6 5.Nc3 a6 6.Nxc6 bxc6 7.Bd3 d5 8.O-O Nf6
9.Bf4 Be7 10.e5 Nd7 11.Na4 O-O 12.c4 a5 13.Rc1 Ba6 14.Re1 g6 15.cxd5 cxd5
16.Bxa6 Rxa6 17.Re3 Ra8 18.Rec3 Nb6 19.Nxb6 Qxb6 20.Rc7 Rfe8 21.R1c2 a4 22.Qf3 Ra7
23.R7c6 Qb5 24.h3 Ra6 25.Rc7 Qa5 26.Rxe7 Rxe7 27.Rc8+ Kg7 28.Be3  1-0

[Event "ch-CZE 2012"]
[Site "Kouty nad Desnou CZE"]
[Date "2012.05.12"]
[Round "1"]
[White "Sikora,J"]
[Black "Jansa,Vl"]
[Result "1/2-1/2"]
[WhiteElo "2222"]
[BlackElo "2454"]

1.e4 c5 2.Nc3 Nc6 3.Nf3 e6 4.d4 cxd4 5.Nxd4 a6 6.g3 d6 7.Bg2 Bd7 8.O-O Nf6
9.Re1 Be7 10.Nxc6 Bxc6 11.a4 O-O 12.Be3 Qc7 13.a5 Nd7 14.Na4 Rae8 15.Nb6 f5
16.Nxd7 Qxd7 17.Bb6 f4 18.Ra3 Bd8 19.Bxd8 Rxd8 20.c4 Qf7 21.Qd2 e5 22.Rc3 h5
23.b3 Qg6 24.Rd3 h4 25.c5 hxg3 26.fxg3 Rf6 27.Qc3 Rdf8 28.cxd6 Rxd6 29.Rxd6 Qxd6
30.gxf4 Rxf4 31.Rf1 g5 32.Rc1 Kg7 33.Qc4 Kf6 34.Qg8 Qd4+ 35.Kh1 Bxe4 36.Qf8+ Kg6
37.Qg8+ Kh6 38.Qe6+ Kh5 39.Qe8+ Kh6 40.Qe6+ Kh5 41.Qe8+ Kh6  1/2-1/2

[Event "Vienna Ladies 2012"]
[Site "Vienna AUT"]
[Date "2012.05.13"]
[Round "9.2"]
[White "Newrkla,K"]
[Black "Kochetkova,J"]
[Result "1/2-1/2"]
[WhiteElo "2162"]
[BlackElo "2282"]

1.e4 c5 2.Nf3 e6 3.d4 cxd4 4.Nxd4 Nc6 5.Nc3 Qc7 6.Be3 a6 7.Qd2 Nf6 8.O-O-O Nxd4
9.Qxd4 Ng4 10.Qb6 Qc6 11.Bd4 e5 12.Nd5 exd4 13.Nc7+ Kd8 14.Nxa8+ Qxb6 15.Nxb6 Nxf2
16.Bc4 Nxh1 17.Rxh1 f6 18.Kd2 Bc5 19.Nxc8 Kxc8 20.Kd3 Re8 21.Rf1 Re5 22.Rf4  1/2-1/2

[Event "Serbia Cup Final 2012"]
[Site "Kragujevac SRB"]
[Date "2012.05.16"]
[Round "3"]
[White "Cvetanovic,U"]
[Black "Vratonjic,S"]
[Result "1/2-1/2"]
[WhiteElo "2211"]
[BlackElo "2401"]

1.e4 c5 2.Nf3 e6 3.Nc3 Nc6 4.d4 cxd4 5.Nxd4 Qc7 6.Be2 Nf6 7.O-O Be7 8.Kh1 O-O
9.f4 d6 10.Be3 a6 11.a4 Bd7 12.Qe1 Nxd4 13.Bxd4 Bc6 14.Qg3 g6 15.Bd3 e5 16.fxe5 Nh5
17.Qf2 dxe5 18.Be3 Nf4 19.Bxf4 exf4 20.Qxf4 Bd6 21.Qh4 Be5 22.Nd5 Bxd5 23.exd5 Bxb2
24.Rae1 Be5 25.Rf3 Rae8 26.Rfe3 Qd6 27.Rh3 h5 28.Rhe3 Bf6 29.Qc4 Rxe3 30.Rxe3 Rd8
31.g3 Kg7 32.Be2 Rd7 33.Bf3 Rc7 34.Qe2 b5 35.axb5 axb5 36.Rb3 b4 37.Qe4 Bc3
38.Qf4 Qc5 39.Rb1 Re7 40.Rf1 Be5 41.Qd2 Bd6 42.Kg2 Qe3 43.Qxe3 Rxe3 44.Rb1 Kf6
45.Rd1 Ke5 46.Kf2 Rc3 47.Re1+ Kd4 48.Rd1+ Kc5 49.Rd2 f5 50.h3 g5 51.Bxh5 Bxg3+
52.Kg2 Bf4 53.Re2 Ra3 54.Kf2 Bd6 55.Re3 Rxe3 56.Kxe3 Kxd5 57.Bg6 Ke5 58.Kf3  1/2-1/2

[Event "21st CRO-Cup"]
[Site "Sibenik CRO"]
[Date "2012.05.16"]
[Round "1.64"]
[White "Plenca,J"]
[Black "Petricevic,P"]
[Result "1-0"]
[WhiteElo "2326"]
[BlackElo "2019"]

1.e4 c5 2.Nf3 Nc6 3.Nc3 e6 4.d4 cxd4 5.Nxd4 a6 6.g3 Bb4 7.Bg2 Qa5 8.O-O Bxc3
9.Nb3 Qb4 10.bxc3 Qxc3 11.Rb1 Qb4 12.Qg4 Qf8 13.Ba3 Nge7 14.Rfe1 Ne5 15.Qe2 b5
16.Na5 f6 17.f4 N5c6 18.e5 Qf7 19.Bxe7 Qxe7 20.Nxc6 Qc5+ 21.Qf2 Qxf2+ 22.Kxf2 Bb7
23.Nd4 Bxg2 24.Kxg2 Ke7 25.a4 Rhc8 26.exf6+ gxf6 27.axb5 Rc4 28.Nf5+ Kf8
29.Ne3 Rc5 30.bxa6 Rxa6 31.Rb8+ Kf7 32.Rd1 Ra7 33.Rd8 Ke7 34.Rh8 h5 35.f5 Ra3
36.Rh7+ Ke8 37.Rhxd7 exf5 38.R1d3 Rxd3 39.Rxd3 h4 40.Kf3 hxg3 41.hxg3 Kf7
42.Rd5 Rc3 43.Rxf5 Ra3 44.Ke4 Ke6 45.g4 Rc3 46.Rxf6+  1-0

[Event "6th Wunsiedel Open"]
[Site "Wunsiedel GER"]
[Date "2012.05.17"]
[Round "1"]
[White "Bindig,M"]
[Black "Teterev,V"]
[Result "0-1"]
[WhiteElo "2009"]
[BlackElo "2516"]

1.e4 c5 2.Nf3 Nc6 3.d4 cxd4 4.Nxd4 e6 5.Nc3 Qc7 6.Be2 a6 7.O-O Nf6 8.Be3 Be7
9.f4 d6 10.Kh1 O-O 11.Qe1 Nxd4 12.Bxd4 b5 13.Qg3 Bb7 14.e5 dxe5 15.fxe5 Ne4
16.Nxe4 Bxe4 17.c3 f5 18.exf6 Qxg3 19.f7+ Rxf7 20.hxg3 Rxf1+ 21.Rxf1 Bd5
22.a3 Bd6 23.g4 Bc4 24.Bf3 Re8 25.Rd1 Bf4 26.Bb6 Bb3 27.Rd7 e5 28.Rd8 Rxd8
29.Bxd8 Bc1 30.Bb7 Bxb2 31.Bxa6 Ba4 32.c4 bxc4 33.Bxc4+ Kf8 34.Bd3 Kf7 35.Bc7 g6
36.Be4 Ke6 37.Kg1 Bxa3 38.Kf2 Bd1 39.g5 Be7 40.Ke1 Bb3 41.Ke2 Bxg5 42.Kf2 Be7
43.Ba5 Kf6 44.Bc7 Bd1 45.Ke1 Bg4 46.Kf2 Bf5 47.Kf3 h5 48.Bb6 Ke6 49.Bc7 g5
50.Ke3 Bc5+ 51.Kd3 Ba3 52.Ke3 Bc1+ 53.Kd3 h4 54.Bd8 Bf4  0-1

[Event "1st Panno Masters 2012"]
[Site "Moron ARG"]
[Date "2012.05.18"]
[Round "6.5"]
[White "Santiago,Y"]
[Black "Krysa,L"]
[Result "0-1"]
[WhiteElo "2347"]
[BlackElo "2423"]

1.e4 c5 2.Nf3 e6 3.d4 cxd4 4.Nxd4 Nc6 5.Nc3 Qc7 6.Be3 a6 7.Qd2 Nf6 8.O-O-O Bb4
9.f3 Ne5 10.Nb3 b5 11.Qe1 Be7 12.f4 Ng6 13.e5 Ng4 14.Ne4 Nxe3 15.Qxe3 O-O
16.h4 Bb7 17.Nd6 f6 18.Nxb7 Rac8 19.Bd3 fxe5 20.Bxg6 hxg6 21.Qe2 Rxf4 22.N7a5 d5
23.a3 Bxh4 24.Rxh4 Rxh4 25.Kb1 Rf8 26.Rd3 e4 27.Rc3 Qh2 28.Qe3 Qxg2 29.Qa7 Rh1+
30.Ka2 Qg1 31.Nc5 Qa1+ 32.Kb3 Rb1 33.Kb4 Qxb2+ 34.Nab3 d4 35.Rh3 Qxc2 36.Ka5 d3
37.Qd7 Qc3+ 38.Kb6 Qe5 39.Na5 Rc1 40.Nab7 Rcf1 41.Nd8 d2 42.Qxd2 Qb8+ 43.Ndb7 Rc8
44.Qd7 Rf7 45.Qxe6 Rxc5  0-1

[Event "HC Andersen Mindgames"]
[Site "Odense DEN"]
[Date "2012.05.18"]
[Round "4.19"]
[White "Poulsen,I"]
[Black "Caceres,C"]
[Result "1-0"]
[WhiteElo "2084"]
[BlackElo "1731"]

1.e4 c5 2.Nc3 e6 3.Nf3 Nc6 4.d4 cxd4 5.Nxd4 Nxd4 6.Qxd4 a6 7.Be3 Ne7 8.Qd2 b5
9.a3 Bb7 10.O-O-O Nc6 11.Bb6 Qc8 12.Nd5 exd5 13.exd5 d6 14.dxc6 Qxc6 15.Qe3+ Be7
16.Bd4 Rc8 17.Bd3 f6 18.Rhe1 Rc7 19.Bb6 d5 20.Bxc7 Qxc7 21.Bf5 Kd8 22.Be6 Bc5
23.Qf3 d4 24.Bd5 Bc8 25.Kb1 h5 26.h3 a5 27.Bc6 Qb6 28.Qd5+ Kc7 29.Be8 Kb8
30.f3 b4 31.a4 g5 32.Bb5 Rd8 33.Qf7 g4 34.Qxh5 gxh3 35.gxh3 Qd6 36.Re8 Bb6
37.Rxd8 Qxd8 38.h4 Be6 39.Qe8 Qxe8 40.Bxe8 b3 41.Bg6 f5 42.h5 bxc2+ 43.Kxc2 Bc4
44.h6 d3+ 45.Kc3 Bg8 46.h7 Bxh7 47.Bxh7 f4 48.Rxd3 Kc7 49.Kc4 Bf2 50.Be4 Be1
51.Kb5 Bb4 52.Bf5 Be1 53.Rd7+ Kb8 54.Rh7 Bb4 55.Kb6  1-0

[Event "6th Wunsiedel Open"]
[Site "Wunsiedel GER"]
[Date "2012.05.18"]
[Round "4"]
[White "Seyb,A"]
[Black "Maiwald,JU"]
[Result "0-1"]
[WhiteElo "2300"]
[BlackElo "2467"]

1.e4 c5 2.Nf3 e6 3.d4 cxd4 4.Nxd4 Nc6 5.Nc3 Qc7 6.Be3 a6 7.Qd2 Nf6 8.O-O-O Bb4
9.f3 Ne7 10.Nde2 b5 11.Kb1 Ba5 12.Bf4 e5 13.Bg3 Bb7 14.Nd4 Bxc3 15.bxc3 O-O
16.Bd3 d6 17.Ne2 Nd7 18.f4 Nb6 19.Rhf1 Na4 20.Rf3 Rac8 21.fxe5 dxe5 22.Rdf1 f6
23.Be1 Rcd8 24.Qe3 Qc5 25.g4 Qxe3 26.Rxe3 Rc8 27.h4 Rc6 28.Kc1 Bc8 29.Rg3 Be6
30.a3 h6 31.Rgg1 Ng6 32.g5 fxg5 33.Rxf8+ Kxf8 34.hxg5 h5 35.Rh1 Bg4 36.Kd2 Nb2
37.Ng3 Nf4 38.Bf2 g6 39.Be3 Ke8 40.Rf1 Ng2 41.Ba7 Nf4 42.Bb8 Nh3 43.Rf6 Rxf6
44.gxf6 Ng5 45.Ke3 Nf3 46.Be2 Nc4+ 47.Bxc4 bxc4 48.Bc7 Kf7 49.Bd8 h4 50.Nf1 h3
51.Kf2 h2 52.Nxh2 Nxh2 53.Kg3 Nf1+ 54.Kxg4 Nd2 55.Bc7 Kxf6 56.Bd8+ Ke6 57.Kg5 Kf7  0-1

[Event "e2e4 Amersham Open"]
[Site "Amersham ENG"]
[Date "2012.05.19"]
[Round "2"]
[White "White,Mi"]
[Black "Onley,E J David"]
[Result "1-0"]
[WhiteElo "2272"]
[BlackElo "2125"]

1.e4 c5 2.Nf3 e6 3.d4 cxd4 4.Nxd4 Nc6 5.Nc3 a6 6.Be3 Nge7 7.Nb3 Ng6 8.f4 b5
9.g3 Na5 10.Nxa5 Qxa5 11.Bg2 b4 12.Ne2 Bb7 13.O-O Rc8 14.Nd4 Bc5 15.Kh1 Qb6
16.c3 a5 17.h4 h5 18.Bg1 Ne7 19.a3 d5 20.axb4 axb4 21.e5 g6 22.Ra4 bxc3 23.bxc3 Ba6
24.Re1 O-O 25.g4 hxg4 26.Qxg4 Bd3 27.Re3 Bxd4 28.cxd4 Bc2 29.Raa3 Nf5 30.Rh3 Ng7
31.Qg5 Bf5 32.Rhg3 Rc1 33.Kh2 Kh7 34.Rgb3 Qd8 35.Rb7 Qxg5 36.hxg5 Nh5 37.Be3 Rc2
38.Kg1 Ng3 39.Bf3 Be4 40.Bf2 Bxf3 41.Bxg3 Be4 42.Be1 Rg2+ 43.Kf1 Kg7 44.Raa7 Rc2
45.Bb4 Rc1+ 46.Ke2 Rc2+ 47.Kd1 Rcc8 48.Bxf8+ Rxf8 49.Kd2 Bf5 50.Kc3 Be4 51.Kb4 Bd3
52.Kc5 Be2 53.Kd6 Bd3 54.Re7 Kg8 55.Rab7 Bc2 56.Kc7 Ba4 57.Rb8 Rxb8 58.Kxb8 Kf8
59.Rc7 Be8 60.Kb7 Ba4 61.Kb6 Be8 62.Kc5 Ba4 63.Kd6 Bb5 64.Rc8+ Kg7 65.Ke7  1-0

[Event "ch-Catalunya 2012"]
[Site "Barcelona ESP"]
[Date "2012.05.19"]
[Round "4.2"]
[White "Asis Gargatagli,H"]
[Black "Fluvia Poyatos,Joa"]
[Result "1-0"]
[WhiteElo "2473"]
[BlackElo "2490"]

1.e4 c5 2.Nf3 e6 3.Nc3 Nc6 4.d4 cxd4 5.Nxd4 Qc7 6.f4 a6 7.Nxc6 dxc6 8.Bd3 Nf6
9.O-O b5 10.a4 b4 11.Nb1 Bc5+ 12.Kh1 h5 13.Qf3 Ng4 14.Nd2 Qa7 15.e5 Nf2+
16.Rxf2 Bxf2 17.Ne4 Bh4 18.f5 exf5 19.Nd6+ Kf8 20.Be3 Qc7 21.Bxf5 Bxf5 22.Qxf5 Kg8
23.Qf4 Bd8 24.Rf1 Rh7 25.Nxf7 Qd7 26.Nd6 Bc7 27.Qc4+ Kh8 28.Qxa6 Rb8 29.Ba7 Bxd6
30.Bxb8 Be7 31.Bd6 Rh6 32.Rf7 Re6 33.Qf1 Kg8 34.h3 Qe8 35.Rxe7 Rxe7 36.Bxe7 Qxe7
37.Qc4+ Kh8 38.Qe2 h4 39.e6 Kg8 40.a5 Qg5 41.e7 Qc1+ 42.Kh2 Qf4+ 43.Kg1 Qc1+
44.Kf2 Qf4+ 45.Qf3 Qd2+ 46.Kg1 Qe1+ 47.Qf1 Qxe7 48.a6 c5 49.Qc4+ Kh7 50.Qf4 g5
51.Qf1 Kh6 52.Qf2 Kg6 53.Qd2 Kh6 54.c3 b3 55.Qd1 Kg6 56.Qa1 Qa7 57.Qa4 Qe7
58.Qc6+ Kh5 59.Qf3+ Kh6 60.Kf2 Kg6 61.Qb7 Qf6+ 62.Ke2 Qf5 63.a7 Qc2+ 64.Ke3 Qc1+
65.Ke4 Qc2+ 66.Ke5 Qxb2 67.Qc6+ Kh7 68.a8=Q Qxc3+ 69.Ke6  1-0

[Event "HC Andersen Mindgames"]
[Site "Odense DEN"]
[Date "2012.05.19"]
[Round "7.10"]
[White "Hauge,Lars Oskar"]
[Black "Hansen,Mads3"]
[Result "1/2-1/2"]
[WhiteElo "2071"]
[BlackElo "2302"]

1.e4 c5 2.Nf3 Nc6 3.d4 cxd4 4.Nxd4 e6 5.Nc3 Qc7 6.Be2 a6 7.Be3 Nf6 8.a3 Be7
9.O-O O-O 10.f4 d6 11.Qe1 Bd7 12.Qg3 Rac8 13.Bd3 g6 14.Nxc6 Bxc6 15.f5 d5
16.fxe6 fxe6 17.Qxc7 Rxc7 18.exd5  1/2-1/2

[Event "50th ch-IND Challengers 2012"]
[Site "Tirupati IND"]
[Date "2012.05.19"]
[Round "2.2"]
[White "Satyapragyan,S"]
[Black "Dhar,R"]
[Result "1-0"]
[WhiteElo "2451"]
[BlackElo "2158"]

1.e4 c5 2.Nc3 Nc6 3.Nge2 e6 4.d4 cxd4 5.Nxd4 d6 6.Be3 Nf6 7.f3 a6 8.Qd2 Qc7
9.O-O-O Ne5 10.g4 b5 11.g5 Nfd7 12.f4 Nc4 13.Bxc4 Qxc4 14.Kb1 Bb7 15.f5 e5
16.Nb3 Bxe4 17.Na5 Qb4 18.a3 Qxa5 19.Nxe4 Qxd2 20.Rxd2 O-O-O 21.Rxd6 Bxd6
22.Nxd6+ Kc7 23.Nxf7 Rhf8 24.Nxd8 Kxd8 25.Rf1 Ke7 26.c3 Kd6 27.Kc2 Kd5 28.Kd3 Rf7
29.Ke2 Ke4 30.Rd1 Nf8 31.Rd6 Rxf5 32.Rxa6 Rf3 33.Bf2 Ng6 34.Bg3 Re3+ 35.Kd1 Kf3
36.Ra7 Rd3+ 37.Kc2 Rd5 38.Rf7+ Ke2 39.h4 Rd2+ 40.Kb3 Rd3 41.Bxe5 Nxe5 42.Rxg7 Kf3
43.Rxh7 Rd2 44.g6 Nd3 45.c4 Rxb2+ 46.Kc3 bxc4 47.h5 Rg2 48.Rf7+ Ke4 49.g7 Ne5
50.Rc7 Rg3+ 51.Kb4 Kd5 52.h6 Rb3+ 53.Ka4 Rb8 54.Rf7 Nxf7  1-0

[Event "Coupe de France 2012"]
[Site "Bois-Colombes FRA"]
[Date "2012.05.20"]
[Round "2"]
[White "Nataf,IA"]
[Black "Philippe,C"]
[Result "1-0"]
[WhiteElo "2544"]
[BlackElo "2403"]

1.e4 c5 2.Nf3 e6 3.d4 cxd4 4.Nxd4 Nc6 5.Nc3 a6 6.Nxc6 bxc6 7.Bd3 d5 8.O-O Nf6
9.Re1 Be7 10.e5 Nd7 11.Qg4 g6 12.Bh6 Rb8 13.Rab1 Rb4 14.Qe2 Nc5 15.Bd2 Nxd3
16.cxd3 O-O 17.b3 c5 18.Rbc1 Bd7 19.Na4 Rb5 20.Qe3 Bc6 21.Qg3 Qd7 22.Bg5 Ra5
23.Bf6 Bxa4 24.Qh4 Bxf6 25.exf6 Qd8 26.Re3 Re8 27.Rf3 Qd6 28.Rh3 h5 29.Qg5 Qf8
30.Rxh5 Rb8 31.Rh3 Rb4 32.f4  1-0

[Event "TCh-HUN 2011-12"]
[Site "Nagykanizsa HUN"]
[Date "2012.05.20"]
[Round "11"]
[White "Tesik,C"]
[Black "Ribli,Z"]
[Result "1/2-1/2"]
[WhiteElo "2340"]
[BlackElo "2588"]

1.e4 c5 2.Nf3 e6 3.d4 cxd4 4.Nxd4 Nc6 5.Nc3 Qc7 6.Be3 a6 7.f4 b5 8.Bd3 Bb7
9.Qf3 Nf6 10.Nb3 d5 11.exd5 Nb4 12.O-O Nxd3 13.cxd3 Nxd5 14.Ne4 Nxe3 15.Qxe3 Be7
16.Rac1 Qd8 17.f5 exf5 18.Nec5 Bd5 19.Rce1 g6 20.Qd4 O-O 21.Rxe7 Qxe7 22.Qxd5 a5
23.Qd4 Rfd8 24.Qf2 Qf6 25.Rd1  1/2-1/2

[Event "TCh-HUN 2011-12"]
[Site "Paks HUN"]
[Date "2012.05.20"]
[Round "11"]
[White "Groszpeter,A"]
[Black "Horvath,Gy1"]
[Result "1-0"]
[WhiteElo "2521"]
[BlackElo "2364"]

1.e4 c5 2.Nf3 e6 3.d4 cxd4 4.Nxd4 Nc6 5.Nc3 Qc7 6.Be3 a6 7.f4 b5 8.Qf3 Bb7
9.Bd3 Nf6 10.O-O-O Bb4 11.Nce2 Be7 12.Kb1 h5 13.Rhe1 Nb4 14.a3 Nxd3 15.cxd3 b4
16.Rc1 Qa5 17.Bd2 Qb6 18.axb4 O-O 19.Nc2 Rfc8 20.Qe3 Qd8 21.Ncd4 Bf8 22.Rxc8 Rxc8
23.Rc1 Rb8 24.Nb3 Bc6 25.Ned4 Ba8 26.Nc2 Bc6 27.h3 Ba8 28.Na5 g6 29.Bc3 Bg7
30.Qa7 Rc8 31.Qxa6 h4 32.Qa7 Nh5 33.Bxg7 Kxg7 34.Qd4+ Qf6 35.Rf1 Ng3 36.Rf2 Rb8
37.Qxf6+ Kxf6 38.Nc4 Ke7 39.b3 d5 40.exd5 Bxd5 41.Kb2 f6 42.Kc3 Nf5 43.N2e3 Nxe3
44.Nxe3 Rc8+ 45.Nc4 Rg8 46.b5 g5 47.Ne3 Bb7 48.fxg5 Rxg5 49.Rf4 Bxg2 50.Nxg2 Rxg2
51.b6 f5 52.Rxh4 Kd7 53.Rc4 Rg8 54.Kb4 e5 55.Kb5 f4 56.b7 f3 57.Rc1 f2 58.Rf1 Kc7
59.Rxf2 Kxb7 60.Rf3 Rh8 61.Kc5 Rh5 62.Kd5 Kb6 63.Ke4 Kc5 64.Rf5 Rxh3 65.d4+ Kc6
66.dxe5 Rxb3 67.Rf7 Rh3 68.Kf5 Kd5 69.Rd7+ Kc6 70.Rd1 Rh5+ 71.Kf6 Rh6+ 72.Kf7 Rh7+
73.Kg6  1-0

[Event "50th ch-IND Challengers 2012"]
[Site "Tirupati IND"]
[Date "2012.05.20"]
[Round "4.17"]
[White "Shashikant,K"]
[Black "Patil,Pr2"]
[Result "1-0"]
[WhiteElo "2304"]
[BlackElo "2205"]

1.e4 c5 2.Nf3 e6 3.d4 cxd4 4.Nxd4 Nc6 5.Nc3 Qc7 6.Be2 a6 7.O-O Nf6 8.Be3 Bb4
9.Na4 Be7 10.Nxc6 bxc6 11.Nb6 Rb8 12.Nxc8 Qxc8 13.Bd4 Qc7 14.e5 Nd5 15.c4 Nf4
16.Bf3 O-O 17.g3 Ng6 18.Qe2 c5 19.Bc3 f6 20.exf6 Bxf6 21.Bxf6 Rxf6 22.Rad1 Rbf8
23.Be4 Ne5 24.f4 Nc6 25.Qh5 g6 26.Qxc5 Kg7 27.Rd6 e5 28.Rfd1 Rxd6 29.Rxd6 exf4
30.Bxc6 dxc6  1-0

[Event "50th ch-IND Challengers 2012"]
[Site "Tirupati IND"]
[Date "2012.05.21"]
[Round "5.2"]
[White "G.,A"]
[Black "Kamble,V"]
[Result "1-0"]
[WhiteElo "2275"]
[BlackElo "2455"]

1.e4 c5 2.Nf3 e6 3.d4 cxd4 4.Nxd4 Nc6 5.Nc3 d6 6.g3 Nge7 7.Nb3 a6 8.Bg2 b5
9.O-O g6 10.f4 Bg7 11.Be3 b4 12.Na4 Rb8 13.c4 bxc3 14.Nxc3 O-O 15.Qd2 Qd7
16.Rfd1 Rd8 17.Qf2 Qe8 18.Rd2 Bb7 19.Bb6 Rd7 20.Rad1 Nc8 21.Be3 Rc7 22.h3 Ba8
23.Kh2 Nb4 24.Nc1 Bxc3 25.bxc3 Rxc3 26.Bd4 Rc4 27.a3 Nc6 28.Bf6 Na5 29.Rd4 Qa4
30.f5 exf5 31.Qd2 f4 32.Qxf4 Qe8 33.Nd3 Rxd4 34.Bxd4 Nc6 35.Ba1 Qe7 36.Bf6 Qf8
37.Nf2 Nd8 38.Ng4 h5 39.Bxd8 hxg4 40.Bf6 Kh7 41.hxg4 g5 42.Qf5+ Kg8 43.Qxg5+ Kh7
44.Qf5+ Kg8 45.Qh5  1-0

[Event "50th ch-IND Challengers 2012"]
[Site "Tirupati IND"]
[Date "2012.05.21"]
[Round "5.6"]
[White "Ramnath,B"]
[Black "Phadke,So1"]
[Result "0-1"]
[WhiteElo "2355"]
[BlackElo "2266"]

1.e4 c5 2.Nf3 Nc6 3.Nc3 e6 4.d4 cxd4 5.Nxd4 Nf6 6.Ndb5 d6 7.Bf4 e5 8.Bg5 a6
9.Na3 b5 10.Nd5 Be7 11.Bxf6 Bxf6 12.c4 b4 13.Nc2 O-O 14.g3 Bg5 15.Bg2 Qa5
16.O-O Qc5 17.b3 Be6 18.Qh5 Bd8 19.Rad1 a5 20.Kh1 a4 21.f4 axb3 22.axb3 Ra2
23.Ne1 g6 24.Qh6 Bxd5 25.exd5 Ne7 26.g4 e4 27.f5 f6 28.Bxe4 g5 29.Qh3 Re8
30.Qh5 Rf8 31.Nc2 Bb6 32.Rde1 Kg7 33.Bd3 Rf7 34.Qh3 Nxd5 35.cxd5 Rxc2 36.Bxc2 Qxc2
37.Re6 Bd4 38.Rxd6 Bc3 39.Qe3 Be5  0-1

[Event "Orlova Open 2012"]
[Site "Orlova CZE"]
[Date "2012.05.22"]
[Round "2.8"]
[White "Gazik,I"]
[Black "Milat,P"]
[Result "1-0"]
[WhiteElo "2321"]
[BlackElo "1922"]

1.e4 c5 2.Nf3 e6 3.d4 cxd4 4.Nxd4 Nc6 5.Nc3 Qc7 6.Be3 a6 7.Qd2 Nf6 8.f3 Be7
9.g4 d6 10.g5 Nd7 11.f4 b5 12.O-O-O Bb7 13.Bxb5 axb5 14.Ndxb5 Qb8 15.Nxd6+ Qxd6
16.Qxd6 Bxd6 17.Rxd6 Ke7 18.Rhd1 Rhd8 19.e5 Rac8 20.b3 Ncxe5 21.fxe5 Rxc3
22.Bb6 Nxb6 23.Rxd8 Be4 24.R8d2 Nd5 25.Kb2 Rc7 26.c4 Nb4 27.Kc3 Nc6 28.Re1 Bf5
29.b4 f6 30.exf6+ gxf6 31.Rd5 e5 32.gxf6+ Kxf6 33.Rc5  1-0

[Event "21st Chicago Open"]
[Site "Wheeling USA"]
[Date "2012.05.25"]
[Round "2"]
[White "Hansen,Eric"]
[Black "Ivanisevic,I"]
[Result "0-1"]
[WhiteElo "2454"]
[BlackElo "2655"]

1.e4 c5 2.Nf3 e6 3.d4 cxd4 4.Nxd4 Nc6 5.Nc3 Qc7 6.Be3 a6 7.Qd2 Nf6 8.f3 Bb4
9.O-O-O O-O 10.g4 b5 11.g5 Nh5 12.Kb1 Bb7 13.Nxc6 Bxc6 14.Bh3 f5 15.gxf6 Nxf6
16.Bf4 Qa5 17.Be5 Rf7 18.Rhg1 Raf8 19.a3 Be7 20.Nd5 Qxd2 21.Nxe7+ Rxe7 22.Rxd2 Ne8
23.Rg3 Ref7 24.Rd3 h6 25.Rc3 Bb7 26.Bg4 Nf6 27.Bxf6 Rxf6 28.Rc7 Bc6 29.h4 Re8
30.Ra7 Ra8 31.Rc7 Kf7 32.Rg1 Ke7 33.Rd1 Rff8 34.Kc1 g6 35.h5 gxh5 36.Bxh5 Rg8
37.Bg4 Rg5 38.Rh1 h5 39.Rxh5 Rxh5 40.Bxh5 Kd6 41.Rxc6+ dxc6 42.Kd2 a5 43.Ke3 Rh8
44.Bg4 Rh2 45.Kd3  0-1

[Event "Asian Nations Chess Cup"]
[Site "Zaozhuang CHN"]
[Date "2012.05.25"]
[Round "8.3"]
[White "Battulga,N"]
[Black "Negi,P"]
[Result "0-1"]
[WhiteElo "2397"]
[BlackElo "2640"]

1.e4 c5 2.Nf3 e6 3.d4 cxd4 4.Nxd4 Nc6 5.Nc3 Qc7 6.Be2 a6 7.Be3 Nf6 8.O-O Be7
9.f4 d6 10.Kh1 Nxd4 11.Qxd4 O-O 12.e5 dxe5 13.fxe5 Nd7 14.Bf4 b5 15.Rad1 Rd8
16.Ne4 Bb7 17.Nd6 Bxd6 18.Qxd6 Qxc2 19.Rd2 Qc6 20.Bh5 Qxd6 21.Rxd6 Bd5 22.b3 f6
23.exf6 Nxf6 24.Rxd8+ Rxd8 25.Be2 b4 26.Rc1 a5 27.Bb5 Ne4 28.Be5 Nc3 29.Bxc3 bxc3
30.Kg1 Be4 31.Rxc3 Rd2 32.Rg3 Rxa2 33.Bc4 Kf7 34.Rg4 Bc6 35.h4 Kf6 36.Rf4+ Ke5
37.Rg4 g6 38.Kh2 Bd5 39.b4 Ra4 40.Rg5+ Ke4 41.Bxd5+ exd5 42.bxa5 Rxa5 43.h5 Ra6
44.Kg3 Rf6 45.Rg4+ Ke3 46.Rg5 Rf5  0-1

[Event "21st Chicago Open"]
[Site "Wheeling USA"]
[Date "2012.05.26"]
[Round "5"]
[White "Shabalov,A"]
[Black "Ivanisevic,I"]
[Result "1/2-1/2"]
[WhiteElo "2534"]
[BlackElo "2655"]

1.e4 c5 2.Nf3 e6 3.d4 cxd4 4.Nxd4 Nc6 5.Nc3 Qc7 6.f4 a6 7.Nxc6 Qxc6 8.Bd3 b5
9.Qe2 Bb7 10.Bd2 Rc8 11.a3 Bc5 12.O-O-O b4 13.axb4 Bxb4 14.Qg4 Kf8 15.Rhf1 Nf6
16.Qg3 h5 17.f5 h4 18.Qf4 Qc7 19.fxe6  1/2-1/2

[Event "21st Chicago Open"]
[Site "Wheeling USA"]
[Date "2012.05.27"]
[Round "7"]
[White "Friedel,J"]
[Black "Ivanisevic,I"]
[Result "1/2-1/2"]
[WhiteElo "2499"]
[BlackElo "2655"]

1.e4 c5 2.Nf3 e6 3.d4 cxd4 4.Nxd4 Nc6 5.Nc3 Qc7 6.Be3 a6 7.Be2 b5 8.Nxc6 Qxc6
9.e5 Bb7 10.Bf3 Qc7 11.O-O Rc8 12.a4 b4 13.Ne4 Bxe4 14.Bxe4 Qxe5 15.Bb7 Rc7
16.Bxa6 Bc5 17.Qf3 Bxe3 18.fxe3 f5 19.a5 Ra7 20.Bc4 Rxa5 21.Qf4 Qxf4 22.exf4 Rc5
23.Ra8+ Kf7 24.Bb3 g6 25.Rd1 Rc7 26.Rd8 d5 27.Ra1 h6 28.Raa8 g5 29.g4 fxg4
30.f5 exf5 31.Bxd5+ Kf6 32.Bb3 h5 33.Rf8+ Kg7 34.Rxf5 Nh6 35.Rxg5+ Kf6 36.Raa5 Ra7
37.Rxh5 Rxa5 38.Rxa5 Nf5 39.Rb5 Rd8 40.Rxb4 Rd1+ 41.Kf2 Rd2+ 42.Ke1 Rxh2
43.Rxg4 Ne3 44.Re4 Nxc2+ 45.Kd1 Na1 46.Ba4 Rxb2 47.Kc1 Rb7 48.Re3 Ra7 49.Bd1 Kf5
50.Kb2 Kf4 51.Re1 Ra5 52.Re8 Ra7 53.Be2 Ra5 54.Bd3 Re5 55.Rc8 Re1 56.Rb8 Re3
57.Bc4 Ke5 58.Kxa1 Kd4 59.Bg8 Re2 60.Kb1 Rg2 61.Bh7 Rf2 62.Bc2 Rg2 63.Kb2 Rf2
64.Kb3 Rf3+ 65.Kb4 Rf4 66.Rd8+ Ke5+ 67.Kc5 Rf6 68.Rd5+ Kf4 69.Kd4 Rf7 70.Be4 Rf8
71.Rh5 Rf6 72.Rh1 Rd6+ 73.Bd5 Rf6 74.Re1 Rf5 75.Be6 Rf6 76.Re4+ Kf3 77.Re3+ Kf4
78.Re1 Kg3 79.Ke5 Rf8 80.Ra1 Rf2 81.Bd5 Rd2 82.Rf1 Rd3 83.Rf8 Rd2 84.Rf3+ Kg4
85.Re3 Rf2 86.Be6+ Kh4 87.Bf5 Rg2 88.Kf6 Rh2 89.Rf3 Rh1 90.Be6 Rh2 91.Kf5 Rg2
92.Ra3 Rf2+ 93.Ke5 Re2+ 94.Kf6 Rf2+ 95.Bf5 Rh2 96.Ra1 Kg3 97.Ke5 Rf2 98.Be4 Re2
99.Rf1 Rd2 100.Rf8 Re2 101.Rg8+ Kf2 102.Kd4 Rd2+ 103.Bd3 Kf3 104.Rf8+ Kg4
105.Ke3 Rh2 106.Rg8+ Kh4 107.Be4 Ra2 108.Kf4  1/2-1/2

[Event "29th BSG Pinkster Open"]
[Site "Bussum NED"]
[Date "2012.05.28"]
[Round "6.11"]
[White "Krishnasing,Ashley"]
[Black "De Ruiter,D"]
[Result "1/2-1/2"]
[WhiteElo "2010"]
[BlackElo "2135"]

1.e4 c5 2.Nf3 e6 3.d4 cxd4 4.Nxd4 Nc6 5.Nc3 Qc7 6.g3 a6 7.Bg2 d6 8.Nxc6 bxc6
9.O-O Be7 10.Re1 e5 11.Na4 Nf6 12.c4 Be6 13.Qc2 O-O 14.b3 Nd7 15.Ba3 f5 16.c5 d5
17.Nb6 fxe4 18.Nxa8 Rxa8 19.b4 Bf5 20.f3 Nf6 21.fxe4 Nxe4 22.Rxe4 Bxe4 23.Bxe4 dxe4
24.Qxe4  1/2-1/2

[Event "4th GM POL-UKR Match"]
[Site "Lublin POL"]
[Date "2012.05.28"]
[Round "5"]
[White "Kryvoruchko,Y"]
[Black "Macieja,B"]
[Result "1/2-1/2"]
[WhiteElo "2676"]
[BlackElo "2614"]

1.e4 c5 2.Nf3 Nc6 3.d4 cxd4 4.Nxd4 e6 5.Nc3 Qc7 6.Be3 a6 7.Qd2 Nf6 8.O-O-O Be7
9.f3 h5 10.Kb1 b5 11.Nxc6 dxc6 12.e5 Qxe5 13.Bd4 Qc7 14.Qg5 Rg8 15.Be5 Qa5
16.Bd6 Bxd6 17.Rxd6 Qc7 18.Rd2 Bb7 19.Ne4 Nxe4 20.fxe4 c5 21.Be2 g6 22.Rhd1 Bxe4
23.Bf3 Bxf3 24.gxf3 Qe7 25.Qe5 Rc8 26.Rd6 Qc7 27.Qg5 a5 28.Qd2 Kf8 29.Rd7 Qe5
30.Qh6+ Ke8 31.Ra7 Qf6 32.Qd2 Kf8 33.Qh6+ Ke8 34.Qd2 Kf8 35.Qh6+  1/2-1/2

[Event "ch-GER Junior U18 2012"]
[Site "Oberhof GER"]
[Date "2012.05.28"]
[Round "4.11"]
[White "Kramer,Julian"]
[Black "Weber,Max2"]
[Result "1-0"]
[WhiteElo "2052"]
[BlackElo "2062"]

1.e4 c5 2.Nf3 e6 3.d4 cxd4 4.Nxd4 Nc6 5.Nc3 Qc7 6.Be3 a6 7.Qd2 Nf6 8.O-O-O Bb4
9.f3 Ne5 10.Nb3 b5 11.Qe1 Rb8 12.Qg3 Nh5 13.Qg5 g6 14.Bd4 f6 15.Qh4 O-O 16.a3 Be7
17.Kb1 b4 18.axb4 Bxb4 19.Na2 Be7 20.Be2 Bb7 21.Qf2 Rfe8 22.Rd2 Nc4 23.Bxc4 Qxc4
24.Ba7 Bc6 25.Bxb8 Rxb8 26.Rhd1 e5 27.Rxd7 Bxd7 28.Rxd7 Bf8 29.Nc3 Rc8 30.Qb6 Qf1+
31.Ka2 Qxg2 32.Qb7 Rxc3 33.Qd5+  1-0